Mac Flecknoe (Record no. 10679)
[ view plain ]
| 000 -LEADER | |
|---|---|
| fixed length control field | 00383nam a22001697a 4500 |
| 003 - CONTROL NUMBER IDENTIFIER | |
| control field | OSt |
| 008 - FIXED-LENGTH DATA ELEMENTS--GENERAL INFORMATION | |
| fixed length control field | 210614b ||||| |||| 00| 0 eng d |
| 082 ## - DEWEY DECIMAL CLASSIFICATION NUMBER | |
| Classification number | 821.4 LAM |
| 100 ## - MAIN ENTRY--PERSONAL NAME | |
| Personal name | JOPHN,Dryden |
| 245 ## - TITLE STATEMENT | |
| Title | Mac Flecknoe |
| 250 ## - EDITION STATEMENT | |
| Edition statement | 37th |
| 260 ## - PUBLICATION, DISTRIBUTION, ETC. (IMPRINT) | |
| Place of publication, distribution, etc | New Delhi |
| Name of publisher, distributor, etc | Rama Brothers |
| Date of publication, distribution, etc | 2020 |
| 300 ## - PHYSICAL DESCRIPTION | |
| Extent | 104 |
| 650 ## - SUBJECT ADDED ENTRY--TOPICAL TERM | |
| Topical term or geographic name as entry element | BA Hon English |
| 700 ## - ADDED ENTRY--PERSONAL NAME | |
| Personal name | LALL,Ramji |
| 942 ## - ADDED ENTRY ELEMENTS (KOHA) | |
| Source of classification or shelving scheme | Dewey Decimal Classification |
| Koha item type | Text Books |
| 942 ## - ADDED ENTRY ELEMENTS (KOHA) | |
| -- | 23 |
| Withdrawn status | Lost status | Source of classification or shelving scheme | Damaged status | Not for loan | Collection code | Home library | Current library | Date acquired | Source of acquisition | Currency | Cost, normal purchase price | Bill Number | Total Checkouts | Full call number | Acc. no. / Barcode | Date last seen | Actual Cost, discounted price | Bill Date | Koha item type | Date last borrowed |
|---|---|---|---|---|---|---|---|---|---|---|---|---|---|---|---|---|---|---|---|---|
| Dewey Decimal Classification | B.A Hons. English | PIET NCR College Library | PIET NCR College Library | 15/04/2021 | Kirti Praskshan | IN Rupees | 150.00 | IN2049 | 821.4 LAM | N1060 | 14/06/2021 | 112.50 | 15/04/2021 | Reference Books | ||||||
| Dewey Decimal Classification | B.A Hons. English | PIET NCR College Library | PIET NCR College Library | 15/04/2021 | Kirti Praskshan | IN Rupees | 150.00 | IN2049 | 5 | 821.4 LAM | N1061 | 13/04/2023 | 112.50 | 15/04/2021 | Text Books | 20/03/2023 | ||||
| Dewey Decimal Classification | B.A Hons. English | PIET NCR College Library | PIET NCR College Library | 15/04/2021 | Kirti Praskshan | IN Rupees | 150.00 | IN2049 | 4 | 821.4 LAM | N1062 | 27/03/2023 | 112.50 | 15/04/2021 | Text Books | 21/03/2023 | ||||
| Dewey Decimal Classification | B.A Hons. English | PIET NCR College Library | PIET NCR College Library | 15/04/2021 | Kirti Praskshan | IN Rupees | 150.00 | IN2049 | 5 | 821.4 LAM | N1063 | 09/05/2023 | 112.50 | 15/04/2021 | Text Books | 26/04/2023 | ||||
| Dewey Decimal Classification | B.A Hons. English | PIET NCR College Library | PIET NCR College Library | 15/04/2021 | Kirti Praskshan | IN Rupees | 150.00 | IN2049 | 4 | 821.4 LAM | N1064 | 01/12/2023 | 112.50 | 15/04/2021 | Text Books | 20/03/2023 | ||||
| Dewey Decimal Classification | B.A Hons. English | PIET NCR College Library | PIET NCR College Library | 15/04/2021 | Kirti Praskshan | IN Rupees | 150.00 | IN2049 | 5 | 821.4 LAM | N1065 | 25/04/2023 | 112.50 | 15/04/2021 | Text Books | 13/04/2023 | ||||
| Dewey Decimal Classification | B.A Hons. English | PIET NCR College Library | PIET NCR College Library | 15/04/2021 | Kirti Praskshan | IN Rupees | 150.00 | IN2049 | 5 | 821.4 LAM | N1066 | 11/05/2023 | 112.50 | 15/04/2021 | Text Books | 26/04/2023 | ||||
| Dewey Decimal Classification | B.A Hons. English | PIET NCR College Library | PIET NCR College Library | 15/04/2021 | Kirti Praskshan | IN Rupees | 150.00 | IN2049 | 3 | 821.4 LAM | N1067 | 27/03/2023 | 112.50 | 15/04/2021 | Text Books | 28/02/2023 |